Frank Norris: a reference guide
Uloženo v:
| Hlavní autor: | |
|---|---|
| Médium: | Kniha |
| Jazyk: | Undetermined |
| Vydáno: |
Boston, Estados Unidos
G.K. Hall & Co.
1974
|
| Témata: | |
| Tagy: |
Přidat tag
Žádné tagy, Buďte první, kdo vytvoří štítek k tomuto záznamu!
|
MARC
| LEADER | 00000nam a2200000Ia 4500 | ||
|---|---|---|---|
| 008 | 170316s9999 xx 000 0 und d | ||
| 100 | |a Crisler, Jesse; /et. al./ | ||
| 245 | |a Frank Norris: a reference guide | ||
| 260 | |a Boston, Estados Unidos | ||
| 260 | |b G.K. Hall & Co. | ||
| 260 | |c 1974 | ||
| 300 | |a 131 páginas | ||
| 650 | |a REFERENCIA | ||
| 999 | |c 30221 |d 30221 | ||
| 040 | |a cru BVZT | ||
| 942 | |c 15 D |2 z | ||
